At the controls : The smithsonian national air and space museum book of cockpits

Đã lưu trong:
Bibliografiske detaljer
Hovedforfatter: Tom Alison
Format: Bog
Sprog:Undetermined
Udgivet: Canada Boston Mills Press 2001
Fag:
Tags: Tilføj Tag
Ingen Tags, Vær først til at tagge denne postø!
Thư viện lưu trữ: Trung tâm Học liệu Trường Đại học Cần Thơ
LEADER 00488nam a2200169Ia 4500
001 CTU_55974
008 210402s9999 xx 000 0 und d
082 |a 623.746049 
082 |b A414 
100 |a Tom Alison 
245 0 |a At the controls : The smithsonian national air and space museum book of cockpits 
245 0 |c Tom Alison 
260 |a Canada 
260 |b Boston Mills Press 
260 |c 2001 
650 |a Airplanes 
980 |a Trung tâm Học liệu Trường Đại học Cần Thơ